Soames' and Southam's Oral Pathology (Record no. 24877)

MARC details
000 -LEADER
fixed length control field 00345nam a22001577a 4500
003 - CONTROL NUMBER IDENTIFIER
control field SGT
020 ## - INTERNATIONAL STANDARD BOOK NUMBER
International Standard Book Number 9780198828266
082 ## - DEWEY DECIMAL CLASSIFICATION NUMBER
Classification number 616.0707
Item number S05R
100 ## - MAIN ENTRY--PERSONAL NAME
Personal name Robinson, Max
245 ## - TITLE STATEMENT
Title Soames' and Southam's Oral Pathology
250 ## - EDITION STATEMENT
Edition statement 5th
260 ## - PUBLICATION, DISTRIBUTION, ETC. (IMPRINT)
Name of publisher, distributor, etc Oxford Press
Year of Publication 2005
300 ## - PAGE DESCRIPTION
No. of Pages 237
650 ## - SUBJECT ADDED ENTRY--TOPICAL TERM
Topical term or geographic name as entry element Oral PAthology
942 ## - ADDED ENTRY ELEMENTS (KOHA)
Source of classification or shelving scheme Dewey Decimal Classification
Koha item type Books
Holdings
Withdrawn status Lost status Source of classification or shelving scheme Damaged status Not for loan Home library Current library Shelving location Date acquired Vendor Name SGTU Bill Number Full call number Accession No. (Barcode) Date last seen Bill Date Koha item type
    Dewey Decimal Classification     SGT Dental Library SGT Dental Library Reference Book 24/08/2023 Ahuja Book Co. Pvt. Ltd. SGTU 16974 616.0707 S05R FD9226 24/08/2023   Books
    Dewey Decimal Classification     SGT Dental Library SGT Dental Library Reference Book 24/08/2023 Ahuja Book Co. Pvt. Ltd. SGTU 16974 616.0707 S05R FD9227 24/08/2023   Books